[Event "Titled Tue 9th Dec 2025"]
[Site "chess.com INT"]
[Date "2025.12.09"]
[Round "5"]
[White "Martirosyan,Haik M."]
[Black "Nakamura,Hi"]
[Result "0-1"]
[WhiteElo "2625"]
[BlackElo "2810"]

1.d4 e6 2.c4 Nf6 3.Nf3 Bb4+ 4.Bd2 c5 5.Bxb4 cxb4 6.g3 d6 7.Bg2 O-O 8.O-O a5
9.Qd3 Qe7 10.Nbd2 h6 11.Rfd1 Na6 12.Ne4 Nxe4 13.Qxe4 Rb8 14.Rac1 b6 15.Qd3 Rd8
16.e3 Nc7 17.Nd2 Bd7 18.Qe2 Ba4 19.Re1 e5 20.b3 Bd7 21.Nf3 Bg4 22.h3 Bh5
23.Qb2 e4 24.Nd2 f5 25.f3 exf3 26.Nxf3 Ne6 27.Qf2 Rf8 28.Nh4 Qg5 29.Rf1 Kh8
30.Rce1 Rbe8 31.Kh2 Bg6 32.Qf3 Bh7 33.Qc6 Qd8 34.Nf3 Re7 35.Rf2 Qb8 36.Ref1 Nd8
37.Qb5 Rxe3 38.d5 Bg6 39.Nh4 Be8 40.Qa6 g6 41.Rd1 Qc7 42.c5 Qxc5 43.Qf1 Kg7
44.Rdd2 Qc7 45.Qa1+ Rc3 46.Rfe2 Nf7 47.Nf3 Ng5 48.Nd4 Bf7 49.Ne6+ Bxe6 50.dxe6 Qe7
51.Qd1 Rd8 52.h4 Nh7 53.h5 Nf6 54.hxg6 Ng4+ 55.Kg1 Rxg3 56.Rd3 Rxd3 57.Qxd3 Ne5
58.Qd5 f4 59.Qd4 Qf6 60.e7 Nf3+ 61.Bxf3 Qxd4+ 62.Kg2 Re8 63.Bc6 Qd3 64.Kf2 Qg3+
65.Kf1 Qxg6 66.Bxe8 Qxe8 67.Rf2 Qxe7  0-1

[Event "Titled Tue 9th Dec 2025"]
[Site "chess.com INT"]
[Date "2025.12.09"]
[Round "6"]
[White "Artemiev,V"]
[Black "Nakamura,Hi"]
[Result "1/2-1/2"]
[WhiteElo "2641"]
[BlackElo "2810"]

1.d4 Nf6 2.c4 e6 3.Nf3 Bb4+ 4.Bd2 c5 5.a3 Bxd2+ 6.Qxd2 b6 7.Nc3 Bb7 8.d5 exd5
9.cxd5 O-O 10.e3 d6 11.Bd3 Ba6 12.O-O Bxd3 13.Qxd3 a6 14.a4 Nbd7 15.h3 Re8
16.e4 Qc7 17.Rfe1 c4 18.Qd4 Rac8 19.Re3 Qc5 20.Qxc5 Nxc5 21.e5 dxe5 22.Nxe5 b5
23.axb5 axb5 24.Nxb5 Nxd5 25.Ree1 Nd3 26.Nd6 Nxe1 27.Rxe1 f6 28.Nxc8 Rxc8
29.Ng4 Rb8 30.Rc1 Rb4 31.Ne3 Nxe3 32.fxe3 Kf7 33.Rc2 Ke6 34.Rd2 h5 35.Kf2 h4
36.Kf3 Ke5 37.Rd4 g5 38.b3 Rxb3 39.Rxc4 Kf5 40.Rc5+ Kg6 41.Rc2  1/2-1/2

[Event "Titled Tue 9th Dec 2025"]
[Site "chess.com INT"]
[Date "2025.12.09"]
[Round "7"]
[White "Nakamura,Hi"]
[Black "Sarana,A"]
[Result "1/2-1/2"]
[WhiteElo "2810"]
[BlackElo "2673"]

1.Nf3 d5 2.d4 Nf6 3.e3 e6 4.Bd3 Bd6 5.O-O O-O 6.b3 c5 7.Bb2 cxd4 8.exd4 b6
9.Re1 a5 10.Ne5 Ba6 11.Nc3 Bxd3 12.cxd3 Nfd7 13.Nb5 Nxe5 14.dxe5 Bb4 15.Re2 Qd7
16.Nd4 Nc6 17.Nxc6 Qxc6 18.Rc2 Qb7 19.a4 b5 20.Rac1 bxa4 21.Rc7 Qb8 22.bxa4 Ra7
23.R7c6 Rb7 24.Qc2 g6 25.g3 Rb6 26.Bd4 Rxc6 27.Qxc6 Bd2 28.Rd1 Rc8 29.Qb5 Bb4
30.Qxb8 Rxb8 31.Rc1 h5 32.Rc7 Bd2 33.Ra7 Rb3 34.Bc5 Rxd3 35.Be7 Bh6 36.Rxa5 Bg7
37.Bd6 g5 38.Ra7 Rd1+ 39.Kg2 g4 40.a5 Ra1 41.Bc7 d4 42.Ra8+ Kh7 43.Rd8 Ra4
44.Kf1 Kg6 45.Rd7 f6 46.exf6 Bxf6 47.Ke2 Kf5 48.Kd3 e5 49.Kc2 e4 50.Kb3 Ra1
51.Rd5+ Ke6 52.Rxh5 d3 53.Bf4 Rb1+ 54.Kc4 Rb2 55.a6 Ra2 56.Rh6 Rxa6 57.h3 gxh3
58.g4 Kf7 59.g5 h2 60.Bxh2 d2 61.Rh7+ Ke6 62.Kb5 d1=Q 63.Kxa6 Qd3+ 64.Kb7 Qb3+
65.Kc8 Be5 66.Rh6+ Kf5 67.Bxe5 Qg8+ 68.Kd7 Kxe5 69.Rb6 Qg7+ 70.Kc6 Kf4 71.Rb5 Qg6+
72.Kd7 Kf3 73.Re5 Kxf2 74.Re6 Qxg5 75.Rxe4 Qf5+ 76.Kd6 Qxe4 77.Kc5 Ke3 78.Kd6 Qd4+
79.Ke6 Ke4 80.Ke7 Qd5 81.Kf6  1/2-1/2

[Event "Titled Tue 9th Dec 2025"]
[Site "chess.com INT"]
[Date "2025.12.09"]
[Round "8"]
[White "Sevian,Samuel"]
[Black "Nakamura,Hi"]
[Result "1/2-1/2"]
[WhiteElo "2688"]
[BlackElo "2810"]

1.e4 e5 2.Nf3 Nc6 3.Bc4 Nf6 4.d3 Be7 5.O-O O-O 6.Re1 d6 7.a4 a5 8.c3 Be6
9.Bxe6 fxe6 10.Na3 b6 11.h3 Qe8 12.Nb5 Bd8 13.d4 Nd7 14.d5 Na7 15.Nxa7 Rxa7
16.Be3 h6 17.Nd2 Nf6 18.Qb3 exd5 19.exd5 Qf7 20.c4 Ra8 21.Qd3 Be7 22.Ra3 Nh7
23.Ne4 Bg5 24.Qd1 Qg6 25.Bxg5 hxg5 26.g3 Rf5 27.Rf3 Raf8 28.Rxf5 Qxf5 29.Qg4 Qxg4
30.hxg4 Nf6 31.Nxg5 Nxg4 32.Ne6 Rxf2 33.Re4 Nf6 34.Rxe5 Rxb2 35.Rg5 Ne8 36.Rf5 Nf6
37.Rg5 Ne8 38.Rf5 Nf6 39.Rg5  1/2-1/2

[Event "Titled Tue 9th Dec 2025"]
[Site "chess.com INT"]
[Date "2025.12.09"]
[Round "9"]
[White "Nakamura,Hi"]
[Black "Bok,B"]
[Result "1-0"]
[WhiteElo "2810"]
[BlackElo "2590"]

1.Nf3 d5 2.d4 Nf6 3.e3 e6 4.Bd3 b6 5.O-O Bb7 6.b3 c5 7.Bb2 Nc6 8.Nbd2 Bd6
9.a3 O-O 10.dxc5 bxc5 11.c4 Qe7 12.Qc2 h6 13.cxd5 exd5 14.Nh4 Ng4 15.Nf5 Bxh2+
16.Kh1 Qd8 17.Be2 Nce5 18.Nf3 Nxf2+ 19.Rxf2 Ng4 20.Nxh2 Nxf2+ 21.Kg1 Ne4
22.Bxg7 Qg5 23.Ng4 Bc8 24.Ngxh6+ Kh7 25.Bxf8 Bxf5 26.Nxf5 Qxf5 27.Rf1 Qe6
28.Bxc5 Rg8 29.Bd3 f5 30.Bxe4 dxe4 31.Qf2 Rg5 32.Qh4+ Kg6 33.Rd1 Rh5  1-0

[Event "Titled Tue 9th Dec 2025"]
[Site "chess.com INT"]
[Date "2025.12.09"]
[Round "10"]
[White "Nakamura,Hi"]
[Black "Lazavik,Denis"]
[Result "1/2-1/2"]
[WhiteElo "2810"]
[BlackElo "2605"]

1.e4 c5 2.Nf3 Nc6 3.c3 Nf6 4.Bd3 d5 5.e5 Nd7 6.Bb5 Qb6 7.Ba4 c4 8.b4 e6 9.d4 cxd3
10.Qxd3 a5 11.a3 Qc7 12.O-O Ncxe5 13.Nxe5 Qxe5 14.Nd2 Bd6 15.Nf3 Qe4 16.Qd1 O-O
17.Re1 Qc4 18.Be3 Qc7 19.Bc2 e5 20.Qxd5 Nf6 21.Qd2 e4 22.Rad1 Ra6 23.b5 exf3
24.bxa6 Bxh2+ 25.Kh1 fxg2+ 26.Kxg2 bxa6 27.f4 Ng4 28.Be4 Nxe3+ 29.Qxe3 Bxf4
30.Qd4 g6 31.Bd5 Bb7 32.c4 Bxd5+ 33.Qxd5 Qc8 34.Qe4 Qg4+ 35.Kf1 Qh3+ 36.Qg2 Qxa3
37.Re4 Bh6 38.Qf2 Qb3 39.Qe2 a4 40.Qd3 Bg7 41.c5 Rc8 42.Rc4 Qb5 43.Rc2 a3
44.c6 Qxd3+ 45.Rxd3 Bb2 46.c7 Rxc7 47.Rxc7 a2 48.Rd1 a1=Q 49.Rxa1 Bxa1 50.Ra7 Bf6
51.Rxa6 Kg7 52.Kf2 h5 53.Kf3 g5 54.Ke4 Kg6 55.Rb6 g4 56.Kf4 Kg7 57.Kf5 Be7
58.Rb7 Bf6 59.Rb6 Be7 60.Rb3 Bf6 61.Rb7 Bd8 62.Rd7 Bf6 63.Rd5 g3 64.Rd3 h4
65.Ke4 Be7 66.Kf3 Kg6 67.Kg2 Bg5 68.Rd4 f5 69.Kh3 f4 70.Rd5 Bf6 71.Kg4 g2
72.Rd1 Bd4 73.Kxf4 g1=Q 74.Rxg1+ Bxg1 75.Kg4 Bf2 76.Kh3 Bg3 77.Kg2 Kf5 78.Kh1 Ke4
79.Kg2 Kd3 80.Kh1 Kc3 81.Kg2 Kb3 82.Kh1 Kc4 83.Kg2 Kd4 84.Kh1 Ke4 85.Kg2 Kf4
86.Kh1 Kg4 87.Kg2 h3+ 88.Kh1 Kh4 89.Kg1 Kg5 90.Kh1 Kf4 91.Kg1 Ke5 92.Kh1 Kf5
93.Kg1 Kg5 94.Kh1 Kh5 95.Kg1 Kh4 96.Kh1 Bf4 97.Kg1 Be3+ 98.Kh1 Bd4 99.Kh2 Be5+
100.Kh1 Bf6 101.Kh2 Bg7 102.Kh1 Bf8 103.Kh2 Bd6+ 104.Kh1 Bc7 105.Kg1 Bb6+
106.Kh1 Ba7 107.Kh2 Bc5 108.Kh1 Bd6 109.Kg1 Bc7 110.Kh1 Ba5 111.Kg1 Bb4 112.Kh2 Bd2
113.Kh1 Be1 114.Kg1  1/2-1/2

[Event "Titled Tue 9th Dec 2025"]
[Site "chess.com INT"]
[Date "2025.12.09"]
[Round "11"]
[White "Muradli,Mahammad"]
[Black "Nakamura,Hi"]
[Result "1-0"]
[WhiteElo "2581"]
[BlackElo "2810"]

1.d4 Nf6 2.c4 e6 3.Nf3 Bb4+ 4.Bd2 c5 5.Bxb4 cxb4 6.g3 O-O 7.Bg2 a5 8.O-O d6
9.Qd3 Qe7 10.Nbd2 Na6 11.e4 e5 12.Rfe1 b6 13.Rad1 Bb7 14.Nh4 g6 15.Nf1 Rfe8
16.Ne3 Rad8 17.Nd5 Nxd5 18.cxd5 Rc8 19.Nf3 exd4 20.Nxd4 Nc5 21.Qd2 Qf6 22.h4 Ba6
23.Re3 Rc7 24.Rde1 Bb7 25.f4 Rce7 26.Kh2 h5 27.Nc6 Bxc6 28.dxc6 Na6 29.e5 dxe5
30.fxe5 Qf5 31.Bh3  1-0

[Event "TechM GCL 2025"]
[Site "Mumbai IND"]
[Date "2025.12.14"]
[Round "1.3"]
[White "Nakamura,Hi"]
[Black "Gukesh,D"]
[Result "1/2-1/2"]
[WhiteElo "2810"]
[BlackElo "2754"]

1.e4 c5 2.Nf3 e6 3.g3 d5 4.exd5 exd5 5.Bg2 Nc6 6.O-O Nf6 7.d4 Be7 8.dxc5 Bxc5
9.Nc3 O-O 10.Bg5 d4 11.Ne4 Be7 12.Bxf6 Bxf6 13.Ne1 Be7 14.Nd3 Bf5 15.Re1 Qb6
16.Qf3 g6 17.a3 a5 18.Qf4 Rac8 19.Re2 Nd8 20.Rae1 Ne6 21.Qd2 Rc7 22.h3 Rfc8
23.Qd1 h5 24.Rd2 h4 25.g4 Bxe4 26.Bxe4 Bg5 27.Rde2 Nf4 28.Nxf4 Bxf4 29.Qd3 Kg7
30.Bd5 Qf6 31.Rd1 Be5 32.Qe4 Re7 33.Qf3 Rcc7 34.Qxf6+  1/2-1/2

[Event "TechM GCL 2025"]
[Site "Mumbai IND"]
[Date "2025.12.14"]
[Round "3.2"]
[White "Firouzja,Alireza"]
[Black "Nakamura,Hi"]
[Result "1-0"]
[WhiteElo "2762"]
[BlackElo "2810"]

1.d4 d5 2.c4 dxc4 3.e4 Nf6 4.e5 Nd5 5.Bxc4 Bf5 6.Nc3 Nb6 7.e6 Nxc4 8.Qa4+ Nc6
9.exf7+ Kxf7 10.Qxc4+ e6 11.Nf3 h6 12.Bf4 Bd6 13.Bg3 Rf8 14.O-O Kg8 15.Rfe1 Kh8
16.Re3 Qd7 17.Ne4 Rad8 18.Nc5 Bxc5 19.dxc5 Kh7 20.h3 Qf7 21.Rae1 Rd5 22.b4 a6
23.a4 Qd7 24.b5 axb5 25.axb5 Nd4 26.Nxd4 Rxd4 27.Qc3 Rd3 28.Rxd3 Qxd3 29.Qa5 Rf7
30.Bxc7 Be4 31.Bg3 Bd5 32.Qb4 Qc2 33.Qb1 Qf5 34.Be5 Kg8 35.Qxf5 exf5 36.Rd1 Rd7
37.Bd6 Be6 38.c6 bxc6 39.bxc6 Ra7 40.c7 Ra6 41.Re1  1-0

[Event "TechM GCL 2025"]
[Site "Mumbai IND"]
[Date "2025.12.14"]
[Round "4.1"]
[White "Caruana,F"]
[Black "Nakamura,Hi"]
[Result "1/2-1/2"]
[WhiteElo "2795"]
[BlackElo "2810"]

1.e4 e5 2.Nf3 Nf6 3.Nxe5 Nxe4 4.Qe2 Qe7 5.Qxe4 d6 6.d4 dxe5 7.dxe5 Nc6 8.Nc3 Qxe5
9.Qxe5+ Nxe5 10.Nb5 Bb4+ 11.Bd2 Bxd2+ 12.Kxd2 Kd8 13.Re1 Nd7 14.Bc4 Rf8 15.Kc1 a6
16.Nd4 Nb6 17.Bd3 Bd7 18.Bxh7 g6 19.Nf3 Bc6 20.Ng5 Bxg2 21.Rhg1 Bc6 22.Rg4 Bd7
23.Rf4 Bf5 24.h4 Kd7 25.h5 Nd5 26.Rxf5 gxf5 27.Bxf5+ Kd6 28.h6 b5 29.h7 c6
30.h8=Q Rxh8 31.Nxf7+ Kc5 32.Nxh8 Rxh8 33.Be4 Rh2 34.Rf1 a5 35.Kd2 a4 36.a3 Kd4
37.Bf3 Rh3 38.Bg4 Rh2 39.Ke2 Rh4 40.Kf3 Nf6 41.Rd1+ Kc5 42.Bf5 b4 43.axb4+ Rxb4
44.Ra1 Nd5 45.Bd3 Rxb2 46.Rxa4 Nb4 47.Ke2 Rb1 48.Be4 Rc1 49.f4 Nd5 50.Bxd5 Kxd5
51.Kd3 Rd1+ 52.Ke3 Re1+ 53.Kd3 Rd1+ 54.Kc3 Rf1 55.Kd2 Rf3 56.Ke2 Rc3 57.Kd2 Rf3
58.Ke2 Rc3  1/2-1/2

[Event "TechM GCL 2025"]
[Site "Mumbai IND"]
[Date "2025.12.14"]
[Round "5.3"]
[White "Nakamura,Hi"]
[Black "Anand,V"]
[Result "1/2-1/2"]
[WhiteElo "2810"]
[BlackElo "2743"]

1.Nf3 d5 2.c4 Nf6 3.e3 e6 4.Nc3 b6 5.b3 Bb7 6.Bb2 Be7 7.cxd5 exd5 8.Bb5+ c6
9.Be2 O-O 10.O-O Nbd7 11.Qc2 Re8 12.Rac1 Bd6 13.Qb1 Ne5 14.Qa1 Rc8 15.Rfe1 Nxf3+
16.Bxf3 Bf8 17.d3 Nd7 18.Ne2 Qg5 19.Nf4 Ne5 20.Be2 Ng6 21.Nh3 Qh4 22.Bf1 c5
23.g3 Qh5 24.Bg2 Ba6 25.Qb1 d4 26.Nf4 Nxf4 27.exf4 Rcd8 28.Qc2 Bc8 29.Qd2 Bh3
30.Rxe8 Rxe8 31.Re1 Bxg2 32.Kxg2 Qd5+ 33.f3 Re6 34.Re4 f5 35.Re2 b5 36.Kf2 a6
37.Qc2 Kf7 38.Bc1 Rxe2+ 39.Qxe2 Qe6 40.Qd2 Be7 41.Qa5 Qc6 42.Qe1 Bf6 43.Qe2 Qe6
44.Qc2 Be7 45.Bd2 Ke8 46.Bc1 Kd7 47.a4 Ke8 48.axb5 axb5 49.Qa2 Kf7 50.Bd2 h5
51.Bc1 h4 52.Bd2 Qd5  1/2-1/2

[Event "TechM GCL 2025"]
[Site "Mumbai IND"]
[Date "2025.12.14"]
[Round "7.2"]
[White "Nakamura,Hi"]
[Black "Vachier Lagrave,M"]
[Result "1-0"]
[WhiteElo "2810"]
[BlackElo "2734"]

1.e4 e5 2.Nf3 Nc6 3.Nc3 Nf6 4.d4 exd4 5.Nxd4 Bb4 6.Nxc6 bxc6 7.Bd3 d5 8.exd5 O-O
9.O-O cxd5 10.h3 Rb8 11.Bg5 Be7 12.b3 h6 13.Bh4 Be6 14.Qf3 c5 15.Rad1 d4
16.Bxf6 Bxf6 17.Ne4 Be7 18.Rfe1 Re8 19.Re2 Qc7 20.Rde1 Rbd8 21.Ng3 Bd6 22.Nh5 Re7
23.Qe4 g6 24.Nf6+ Kg7 25.Qh4 Bf4 26.Ne4 Rd5 27.Qf6+ Kg8 28.Ng3 Bxg3 29.fxg3 Rg5
30.g4 Re8 31.Bc4 Qd8 32.Qxd8 Rxd8 33.Bxe6 fxe6 34.Rxe6 a5 35.R1e4 Kf7 36.Re7+ Kf8
37.Ra7 h5 38.Rxa5 hxg4 39.Rxg4 Rxg4 40.hxg4 Rc8 41.Ra4 Ke7 42.Rc4 Ra8 43.Rxc5 Rxa2
44.Kf1 Kd6 45.Rc8 d3 46.cxd3 Ke5 47.b4 Rb2 48.Rc4 Kd5 49.Ke1 Rxg2 50.Kd1 Rb2
51.Kc1 Rb3 52.Kc2 Ra3 53.b5 Ra5 54.Rb4 Kc5 55.Kc3 Kd5  1-0

[Event "TechM GCL 2025"]
[Site "Mumbai IND"]
[Date "2025.12.15"]
[Round "2.1"]
[White "Vachier Lagrave,M"]
[Black "Nakamura,Hi"]
[Result "0-1"]
[WhiteElo "2734"]
[BlackElo "2810"]

1.e4 e5 2.Nf3 Nf6 3.Nxe5 Nxe4 4.Qe2 Qe7 5.Qxe4 d6 6.f4 dxe5 7.fxe5 f5 8.Qe3 Nc6
9.Nc3 Nxe5 10.d4 Ng4 11.Qxe7+ Bxe7 12.Bf4 c6 13.Bc4 b5 14.Bb3 a5 15.a3 Ba6
16.h3 Nf6 17.Be5 b4 18.axb4 axb4 19.Ne2 Kd7 20.Ng3 g6 21.Kf2 Rhf8 22.Rhe1 Nd5
23.Ne2 f4 24.Kf3 g5 25.Nc1 h5 26.Nd3 Ne3 27.Nc5+ Bxc5 28.dxc5 Rfe8 29.Bf6 g4+
30.hxg4 hxg4+ 31.Kf2 g3+ 32.Kg1 Bb5 33.Bg5 Rxa1 34.Rxa1 Re4 35.Re1 Rd4 36.c3 Rd2
37.Bxf4 Rxg2+ 38.Kh1 Rh2+ 39.Kg1 Rg2+ 40.Kh1 Rxb2 41.Bxe3 Rxb3 42.cxb4 Rb2
43.Rd1+ Ke6 44.Rd2 Rb3 45.Bf4 Kf5 46.Bc7 Bc4 47.Kg2 Bd5+ 48.Rxd5+ cxd5 49.Ba5 Kg4  0-1

[Event "Titled Tue 16th Dec 2025"]
[Site "chess.com INT"]
[Date "2025.12.16"]
[Round "1"]
[White "Nakamura,Hi"]
[Black "Belov,Alexe"]
[Result "1-0"]
[WhiteElo "2810"]
[BlackElo "2421"]

1.Nf3 d5 2.b3 Nf6 3.Bb2 e6 4.d4 Be7 5.e3 O-O 6.Bd3 Nbd7 7.O-O c5 8.Nbd2 b6
9.Ne5 Bb7 10.Qe2 Ne4 11.Rfd1 Rc8 12.Nxd7 Qxd7 13.Bxe4 dxe4 14.dxc5 Bxc5 15.Nxe4 Qe7
16.Nf6+ gxf6 17.Rd7 e5 18.Rxe7 Bxe7 19.f4 Be4 20.c4 b5 21.Qg4+ Kh8 22.fxe5 f5
23.Qe2 bxc4 24.bxc4 Rfd8 25.e6+ f6 26.Rd1 Kg7 27.Rxd8 Rxd8 28.Qh5 Rf8 29.Bd4 a6
30.g4 fxg4 31.Qxg4+ Bg6 32.h4 h5 33.Qg3 Rc8 34.c5 Bxc5 35.Bxc5 Rxc5 36.Qd6 Re5
37.Qe7+ Kh6 38.Qxf6 Re4 39.Qh8+ Bh7 40.Qf8+ Kg6 41.e7  1-0

[Event "Titled Tue 16th Dec 2025"]
[Site "chess.com INT"]
[Date "2025.12.16"]
[Round "2"]
[White "Tanenbaum,Zachary"]
[Black "Nakamura,Hi"]
[Result "0-1"]
[WhiteElo "2371"]
[BlackElo "2810"]

1.e4 c5 2.Nf3 Nc6 3.Nc3 e6 4.d4 cxd4 5.Nxd4 a6 6.g4 Nge7 7.Nb3 Ng6 8.Be3 b5
9.a3 Qc7 10.Qd2 Nce5 11.Be2 Bb7 12.f4 Nc6 13.O-O-O b4 14.axb4 Bxb4 15.Kb1 Rc8
16.h4 Na5 17.Nxa5 Bxa5 18.Bd4 Nxf4 19.Bxg7 Rg8 20.Be5 Qxe5 21.Qxd7+ Kf8 22.Qxb7 Rb8
23.Qxa6 Bxc3 24.b3 Kg7 25.Rd7 Ra8 26.Ra7 Rxa7 27.Qxa7 Nxe2 28.Rf1 Rf8  0-1

[Event "Titled Tue 16th Dec 2025"]
[Site "chess.com INT"]
[Date "2025.12.16"]
[Round "3"]
[White "Nakamura,Hi"]
[Black "Gordievsky,D"]
[Result "1-0"]
[WhiteElo "2810"]
[BlackElo "2524"]

1.Nf3 f5 2.d3 d6 3.c4 e5 4.Nc3 Nf6 5.g3 Be7 6.Bg2 O-O 7.O-O a5 8.a3 h6 9.Rb1 Qe8
10.b4 axb4 11.axb4 Be6 12.Nd2 c6 13.b5 d5 14.bxc6 bxc6 15.cxd5 cxd5 16.e4 dxe4
17.dxe4 Nbd7 18.Bb2 Rd8 19.Qe2 Bc5 20.exf5 Bxf5 21.Nce4 Kh8 22.Rbc1 Bb6 23.Ba3 Bg4
24.Qb5 Nxe4 25.Nxe4 Rf3 26.Bd6 Qg6 27.Qb4 Bd4 28.Qb7 Rd3 29.Be7 Re8 30.Nd6 Rxe7
31.Qa8+ Kh7 32.Be4 Rd2 33.Rc8 Bxf2+ 34.Rxf2 Rd1+ 35.Rf1 Rxf1+ 36.Kxf1 Rf7+
37.Nxf7  1-0

[Event "Titled Tue 16th Dec 2025"]
[Site "chess.com INT"]
[Date "2025.12.16"]
[Round "4"]
[White "Mahdavi,Reza"]
[Black "Nakamura,Hi"]
[Result "1-0"]
[WhiteElo "2492"]
[BlackElo "2810"]

1.e4 c5 2.Nf3 e6 3.d4 cxd4 4.Nxd4 a6 5.c4 Nf6 6.Nc3 Qc7 7.Be2 Bc5 8.O-O d6
9.Kh1 e5 10.Nc2 Be6 11.f4 h6 12.f5 Bd7 13.Ne3 Bc6 14.Ned5 Bxd5 15.Nxd5 Nxd5
16.cxd5 Nd7 17.Bd2 Nf6 18.Rc1 Qb6 19.Qa4+ Ke7 20.Rc2 Rhc8 21.Rfc1 Qd8 22.Qb3 Nxe4
23.Be1 Kf8 24.Qc4 Nf6 25.b4 b5 26.Qb3 Bd4 27.Rc6 Rxc6 28.dxc6 Bb6 29.a4 d5
30.axb5 axb5 31.Bxb5 Bc7 32.Be2 e4 33.b5 Rb8 34.Bg3 Ne8 35.Bxc7 Qxc7 36.Qxd5 Qf4
37.Qc5+ Kg8 38.c7 Rc8 39.b6 e3 40.b7 Rxc7 41.b8=Q Rxc5 42.Qxe8+ Kh7 43.Rxc5 Qf2
44.Rc1  1-0

[Event "Titled Tue 16th Dec 2025"]
[Site "chess.com INT"]
[Date "2025.12.16"]
[Round "5"]
[White "Nakamura,Hi"]
[Black "Oberoi,Shelev"]
[Result "1-0"]
[WhiteElo "2810"]
[BlackElo "2164"]

1.f3 e5 2.Nh3 d5 3.Nf2 f5 4.c3 Nf6 5.d4 e4 6.g3 h5 7.h4 Bd6 8.Bf4 Qe7 9.e3 O-O
10.Nd2 c5 11.Nb3 c4 12.Nd2 Nc6 13.Nh3 b5 14.Bxd6 Qxd6 15.Nf4 b4 16.Be2 Bd7
17.O-O Rae8 18.fxe4 Nxe4 19.Nxe4 Rxe4 20.Bf3 Rxe3 21.Bxd5+ Kh7 22.Qxh5+ Qh6
23.Qxh6+ Kxh6 24.Kf2 Ree8 25.Bxc4 g5 26.hxg5+ Kxg5 27.Rh1 Rh8 28.Bb5 bxc3
29.bxc3 Ne5 30.Be2 Ng4+ 31.Bxg4 fxg4 32.Rae1 Rxe1 33.Rxh8 Ra1 34.Rh5+ Kf6
35.Ra5 Rc1 36.Rxa7 Rc2+ 37.Ke1 Bf5 38.Nd5+ Kg5 39.Ra5 Rc1+ 40.Kd2 Rc2+ 41.Kd1 Rg2
42.Ne3 Rxg3 43.Rxf5+ Kg6 44.Re5 Rg1+ 45.Ke2 g3 46.Kf3 g2 47.Nxg2 Ra1 48.Nf4+ Kf7
49.Ra5 Ke7 50.Ra6 Kd7 51.Ke4 Kc7 52.Kd5 Kb7 53.Ra3 Re1 54.Rb3+ Ka6 55.Ne6 Ka5
56.Kc5 Re5+ 57.dxe5  1-0

[Event "Titled Tue 16th Dec 2025"]
[Site "chess.com INT"]
[Date "2025.12.16"]
[Round "6"]
[White "Mitrabha,G"]
[Black "Nakamura,Hi"]
[Result "0-1"]
[WhiteElo "2508"]
[BlackElo "2810"]

1.Nf3 d5 2.e3 e6 3.b3 Nf6 4.Bb2 b6 5.c4 Bb7 6.Nc3 a6 7.g3 dxc4 8.bxc4 Nc6
9.Be2 Na5 10.O-O Be7 11.d3 O-O 12.Qc2 c5 13.Nd2 Qc7 14.Bf3 Rad8 15.Rfd1 Nc6
16.a3 Ne5 17.Be2 Rd7 18.Nce4 Rfd8 19.Nxf6+ Bxf6 20.Ne4 Be7 21.f4 Ng6 22.Qc3 Bf8
23.h4 f5 24.h5 fxe4 25.hxg6 exd3 26.gxh7+ Kh8 27.Bf1 Qc6 28.Qd2 Qh1+ 29.Kf2 Qh2+
30.Ke1 Qxg3+ 31.Qf2 Qg6 32.Kd2 Be7 33.Bh3 Bf6 34.Rg1 Qf7 35.Rab1 b5 36.f5 bxc4
37.Rg4 exf5 38.Rf4 Bxb2 39.Rxb2 c3+ 40.Kxc3 d2 41.Rxf5 d1=N+ 42.Kc2 Qc4+  0-1

[Event "Titled Tue 16th Dec 2025"]
[Site "chess.com INT"]
[Date "2025.12.16"]
[Round "7"]
[White "Nakamura,Hi"]
[Black "Theodorou,Nikolas"]
[Result "1-0"]
[WhiteElo "2810"]
[BlackElo "2652"]

1.e4 b6 2.d4 Bb7 3.Bd3 d6 4.Nf3 Nd7 5.c4 e5 6.d5 g6 7.Nc3 a5 8.a3 Bh6 9.h3 Kf8
10.b4 Kg7 11.Bb2 Kf8 12.O-O Ngf6 13.Ne2 Nh5 14.g3 Bc8 15.Kg2 Rg8 16.Nh2 Ndf6
17.c5 Ng7 18.cxb6 cxb6 19.f4 exf4 20.Nxf4 Ngh5 21.Nxh5 Nxh5 22.Qf3 Ra7 23.e5 Bg7
24.Ng4 Qg5 25.Rac1 Bxg4 26.hxg4 Bxe5 27.Bxe5 Qxe5 28.gxh5 gxh5 29.bxa5 bxa5
30.Rc8+ Kg7 31.Rxg8+ Kxg8 32.Qf5 Qxf5 33.Rxf5 Rc7 34.a4 Rc3 35.Bb5 Kg7 36.Rxh5 h6
37.Rh4 Rc2+ 38.Kf3 Rd2 39.Rc4 Rxd5 40.Rc6 Rf5+ 41.Kg2 d5 42.Ra6 d4 43.Rd6 Rc5
44.Rxd4 Kf6 45.Rd6+ Kg5 46.Ra6 Rc2+ 47.Kh3 Rc5 48.Rxa5 f5 49.Ra8 Rc3 50.a5 Ra3
51.a6 Ra2 52.a7  1-0

[Event "Titled Tue 16th Dec 2025"]
[Site "chess.com INT"]
[Date "2025.12.16"]
[Round "8"]
[White "Sevian,Samuel"]
[Black "Nakamura,Hi"]
[Result "0-1"]
[WhiteElo "2688"]
[BlackElo "2810"]

1.e4 c5 2.Nf3 e6 3.d4 cxd4 4.Bg5 Qc7 5.Nxd4 a6 6.Nc3 Nc6 7.Qd3 b5 8.Nxc6 dxc6
9.Qg3 Bd6 10.Qh4 Ne7 11.O-O-O Ng6 12.Qh5 Bf4+ 13.Kb1 O-O 14.g3 Bxg5 15.Qxg5 e5
16.h4 f6 17.Qe3 Re8 18.h5 Nf8 19.h6 g6 20.f4 Ne6 21.Bh3 Nd4 22.fxe5 fxe5
23.Bxc8 Raxc8 24.Ne2 Ne6 25.a3 a5 26.Rhf1 a4 27.Qc3 Rf8 28.g4 Ng5 29.Qe3 Qe7
30.Nc1 Rxf1 31.Rxf1 c5 32.Nd3 Nf7 33.Qf2 Nxh6 34.Qg3 Nf7 35.Qh3 b4 36.axb4 cxb4
37.g5 Re8 38.Qe3 Nxg5 39.Qb6 b3 40.cxb3 axb3 41.Qxb3+ Kg7 42.Qd5 Rd8 43.Qxe5+ Qxe5
44.Nxe5 Re8 45.Nc6 Nxe4 46.Rd1 h5 47.b4 Nc3+  0-1

[Event "Titled Tue 16th Dec 2025"]
[Site "chess.com INT"]
[Date "2025.12.16"]
[Round "9"]
[White "Nakamura,Hi"]
[Black "Abdusattorov,Nodirbek"]
[Result "1-0"]
[WhiteElo "2810"]
[BlackElo "2732"]

1.e4 e5 2.Bc4 Nf6 3.d3 Bc5 4.Nf3 d6 5.c3 c6 6.Bb3 Bb6 7.Be3 O-O 8.O-O Nbd7
9.Nbd2 Re8 10.d4 Bc7 11.Re1 Nf8 12.h3 Ng6 13.Bc2 h6 14.Nf1 d5 15.Nxe5 Nxe5
16.dxe5 Nxe4 17.f3 Ng5 18.f4 Ne6 19.Qd3 Nf8 20.Nd2 g6 21.Qf1 Bb6 22.Qf2 Bxe3
23.Rxe3 Qb6 24.b3 c5 25.Rg3 Kh7 26.c4 Be6 27.f5 gxf5 28.Bxf5+ Ng6 29.Rf1 Re7
30.Bxg6+ fxg6 31.Rxg6 Rg8 32.Rxh6+ Kxh6 33.Qh4+  1-0

[Event "Titled Tue 16th Dec 2025"]
[Site "chess.com INT"]
[Date "2025.12.16"]
[Round "10"]
[White "Carlsen,M"]
[Black "Nakamura,Hi"]
[Result "1-0"]
[WhiteElo "2840"]
[BlackElo "2810"]

1.b3 d5 2.Bb2 Nf6 3.Nf3 Bf5 4.d3 h6 5.Nbd2 e6 6.g3 Bh7 7.Bg2 Be7 8.e4 O-O
9.Ne5 a5 10.a3 Nbd7 11.Nxd7 Qxd7 12.exd5 Nxd5 13.O-O a4 14.b4 Rad8 15.Re1 Rfe8
16.Nc4 Qc8 17.Qe2 b5 18.Ne5 Bf6 19.c4 bxc4 20.dxc4 Ne7 21.Rad1 Rxd1 22.Rxd1 Rd8
23.Bb7 Rxd1+ 24.Qxd1 Qe8 25.b5 Bf5 26.Qxa4 Qd8 27.Qa8 Qxa8 28.Bxa8 Bc2 29.f4 Nf5
30.Bc3 Nd6 31.Ba5 Bb3 32.Bxc7 Nxc4 33.b6  1-0

[Event "Titled Tue 16th Dec 2025"]
[Site "chess.com INT"]
[Date "2025.12.16"]
[Round "11"]
[White "Nakamura,Hi"]
[Black "Xiong,Jeffery"]
[Result "1/2-1/2"]
[WhiteElo "2810"]
[BlackElo "2652"]

1.e4 e6 2.d3 c5 3.Nd2 Nc6 4.g3 g6 5.Bg2 Bg7 6.Ne2 Nge7 7.O-O O-O 8.c3 b5
9.Nb3 d6 10.d4 cxd4 11.Nbxd4 Rb8 12.a4 b4 13.Nb5 Ba6 14.c4 Ne5 15.Qb3 Rc8
16.Qxb4 Rxc4 17.Qa3 N7c6 18.Rd1 Qb8 19.Nec3 Rb4 20.Bf4 Nc4 21.Qa2 N6a5 22.Rab1 Bxb5
23.Nxb5 Be5 24.Bxe5 Nxe5 25.Qa3 Rb3 26.Qxd6 Nac4 27.Qe7 a6 28.Nd4 Rxb2 29.Rbc1 Qb4
30.Qxb4 Rxb4 31.f4 Ng4 32.Nc6 Rxa4 33.Rd4 Nge3 34.Bf1 Nxf1 35.Rdxc4 Rxc4
36.Rxc4 Nd2 37.Ra4 a5 38.Kf2 Ra8 39.Nd4 Rc8 40.Ke3 Nc4+ 41.Ke2 Rc5 42.Nb3 Rb5
43.Rxc4 Rxb3 44.Rc8+ Kg7 45.Ra8 Rb2+ 46.Kf3 Rxh2 47.Rxa5 h5 48.Ra7 h4 49.gxh4 Rxh4
50.Ra8 Rh5 51.Ra7 Kf6 52.Kg4 Rh7 53.Kg3 Kg7 54.Ra6 Rh5 55.Ra7 e5 56.fxe5 Rxe5
57.Kf4 Re6 58.e5 Kg8 59.Ra8+ Kg7 60.Ra7 g5+ 61.Kf5 g4 62.Kxg4 Rxe5 63.Kf4 Re6
64.Ra5 Rf6+ 65.Kg4 Rg6+ 66.Kf4 Rf6+ 67.Kg4 Rg6+ 68.Kf4 Rf6+  1/2-1/2

[Event "TechM GCL 2025"]
[Site "Mumbai IND"]
[Date "2025.12.19"]
[Round "6.1"]
[White "Gukesh,D"]
[Black "Nakamura,Hi"]
[Result "0-1"]
[WhiteElo "2754"]
[BlackElo "2810"]

1.e4 e5 2.Nf3 Nc6 3.Bc4 Nf6 4.d3 h6 5.a3 g6 6.Nc3 Bg7 7.h3 d6 8.Be3 Qe7 9.Qd2 Be6
10.O-O Qd7 11.Bxe6 fxe6 12.Ne2 d5 13.exd5 exd5 14.d4 Ne4 15.Qd1 exd4 16.Nexd4 Ne7
17.Bf4 c5 18.Be5 Nf6 19.Ne2 O-O 20.Re1 Rae8 21.Nf4 b6 22.h4 Ng4 23.Bxg7 Rxf4
24.Be5 Rff8 25.Qd3 Nf5 26.Rad1 Re6 27.Bf4 Rxe1+ 28.Rxe1 Qf7 29.g3 Nf6 30.Ne5 Qe6
31.Re2 Re8 32.Re1 Qc8 33.Bxh6 c4 34.Qf3 Ne4 35.Ng4 Re6 36.h5 Ng5 37.Qxd5 Nf3+
38.Qxf3 Rxe1+ 39.Kh2 Qe6 40.Qa8+ Kh7 41.Qf8 gxh5 42.Nf6+ Kg6 43.Ng8 Qf7 44.Qd8 Nxh6  0-1

[Event "TechM GCL 2025"]
[Site "Mumbai IND"]
[Date "2025.12.20"]
[Round "8.1"]
[White "Nakamura,Hi"]
[Black "Firouzja,Alireza"]
[Result "1/2-1/2"]
[WhiteElo "2810"]
[BlackElo "2762"]

1.e4 c5 2.Nf3 d6 3.d4 cxd4 4.Nxd4 Nf6 5.f3 e6 6.c4 Nc6 7.Nc3 Be7 8.Be3 O-O
9.Be2 d5 10.exd5 exd5 11.Nxc6 bxc6 12.O-O Be6 13.cxd5 Nxd5 14.Nxd5 cxd5 15.Bd4 Bf6
16.Qd2 a5 17.a4 Bxd4+ 18.Qxd4 Rb8 19.Bb5 Bd7 20.Qxd5 Bxb5 21.Qxd8 Rfxd8 22.axb5 Rxb5
23.Rfd1 Rxd1+ 24.Rxd1 g6 25.Rd2 a4 26.Rd4 Rxb2 27.Rxa4 Rb1+ 28.Kf2 Rb2+ 29.Kg1 Rb1+
30.Kf2 Rb2+  1/2-1/2

[Event "TechM GCL 2025"]
[Site "Mumbai IND"]
[Date "2025.12.21"]
[Round "9.2"]
[White "Nakamura,Hi"]
[Black "Caruana,F"]
[Result "1/2-1/2"]
[WhiteElo "2810"]
[BlackElo "2795"]

1.e4 e5 2.Nf3 Nc6 3.Nc3 Nf6 4.d4 exd4 5.Nxd4 Nxe4 6.Nxe4 Qe7 7.f3 d5 8.Bb5 Bd7
9.Bxc6 bxc6 10.O-O dxe4 11.Qe2 Qe5 12.c3 Bd6 13.Qxe4 Qxe4 14.fxe4 O-O 15.Bf4 Rfe8
16.Rae1 a5 17.Rf2 a4 18.Bxd6 cxd6 19.Rd2 Rab8 20.Nf3 Be6 21.a3 c5 22.Rxd6 Rxb2
23.Rc6 Ra2 24.Rxc5 Rb8 25.Rd1 h6 26.Rd2 Rxa3 27.Nd4 Bd7 28.Kf2 Ra8 29.e5 Ra1
30.e6 Bxe6 31.Nxe6 fxe6 32.Rc7 Rf8+ 33.Kg3 Rf6 34.Ra7 e5 35.Re2 Ra3 36.Re3 Rc6
37.Kg4 Ra2 38.Kh3 Kh7 39.Rxe5 Rxc3+ 40.g3 Rc6 41.Ree7 Rg6 42.Re4 Rg5 43.Raxa4 Rh5+
44.Rh4 Rxa4 45.Rxh5 g5 46.g4 Kg6 47.Kg3 Rb4 48.h4  1/2-1/2